| 000 | 01097nam a2200277 i 4500 | ||
|---|---|---|---|
| 001 | 190019 | ||
| 003 | ES-MaACL | ||
| 005 | 20240409171102.0 | ||
| 007 | t| | ||
| 008 | 200305s1970 sp |||| | spa d | ||
| 100 | 1 |
_aGonzález Nicolau, Amparo. _9169856 |
|
| 245 | 1 | 3 |
_aEl mundo femenino en la ascética, la mística y los moralistas / _cpor Amparo González Nicolau. |
| 260 |
_aBarcelona : _b[Universidad, Facultad de Filosofía y Letras], _c1970 ( _fIvern) |
||
| 300 |
_a20 p. ; _c24 cm. |
||
| 502 | _aTesis-Univ. Barcelona (Extracto) | ||
| 504 | _aBibliografía: p. 20. | ||
| 594 | _aPrecede al tít.: Universidad de Barcelona. Secretariado de Publicaciones, Intercambio Científico y Extensión Universitaria. | ||
| 650 | 4 |
_aMujeres- _xEn la literatura. _915271 |
|
| 650 | 4 |
_aMisticismo. _915086 |
|
| 650 | 4 |
_aAscetismo. _910365 |
|
| 655 |
_aTesis y escritos académicos _9226867 |
||
| 710 | 2 |
_aUniversidad de Barcelona. _bFacultad de Filosofía y Letras. _97149 |
|
| 852 | 4 |
_aES-MaACL _jP-1415 (15) _9197170 _bR.68610 _cDEPO2 |
|
| 942 | _2udc | ||
| 999 |
_c190019 _d190019 |
||